000 nam a22 7a 4500
999 _c9230
_d9230
008 180124b ||||| |||| 00| 0 eng d
100 _aVohra V R
_95488
245 _aModern Cookery Book
260 _aHydrabad
_bPustak Publication
_c2006